[Event "SLO-chT2 East"]
[Site "Slovenia"]
[Date "2017.10.15"]
[Round "3"]
[White "Planinsek, Branko"]
[Black "Vadlja, Branko"]
[Result "0-1"]
[WhiteElo "1926"]
[BlackElo "1988"]
[PlyCount "92"]
[EventDate "2017.09.30"]
[EventType "team-tourn"]
[EventRounds "9"]
[EventCountry "SLO"]
[SourceTitle "EXT 2019"]
[Source "ChessBase"]
[SourceDate "2018.10.10"]
[SourceVersion "1"]
[SourceVersionDate "2018.10.10"]
[SourceQuality "1"]

1. e4 d5 2. exd5 Qxd5 3. d4 e5 4. dxe5 Qxe5+ 5. Be2 Bg4 6. Nd2 Bxe2 7. Nxe2 Nd7 8. 0-0 0-0-0 9. c3 Nb6 10. Ng3 Nf6 11. Qb3 Qd5 12. Qc2 Qd3 13. Qxd3 Rxd3 14. Nf3 Bd6 15. Nf5 Ne8 16. Be3 Nc4 17. Nxd6+ Nexd6 18. Bc1 Re8 19. b3 Ne5 20. Nxe5 Rxe5 21. Bf4 Re2 22. Bxd6 cxd6 23. c4 Rdd2 24. a4 Rb2 25. Rab1 f6 26. h3 Rxf2 27. Rxb2 Rxb2 28. Rf3 Kd7 29. Kh2 Re2 30. Rd3 Kc6 31. Kg1 Re5 32. b4 a5 33. b5+ Kc5 34. Rg3 g6 35. Rf3 Re6 36. Rf4 Kb4 37. Rd4 Kxa4 38. c5+ Kxb5 39. cxd6 Re8 40. d7 Rd8 41. Rd6 a4 42. Rxf6 Rxd7 43. h4 a3 44. h5 a2 45. Rf1 gxh5 46. Kh2 Ka4 0-1

[Event "SLO-chT2 East"]
[Site "Slovenia"]
[Date "2016.11.12"]
[Round "6"]
[White "Vadlja, Branko"]
[Black "Nemec, Hana"]
[Result "1-0"]
[WhiteElo "1944"]
[BlackElo "2022"]
[PlyCount "95"]
[EventDate "2016.09.24"]
[EventType "team-tourn"]
[EventRounds "9"]
[EventCountry "SLO"]
[SourceTitle "EXT 2019"]
[Source "ChessBase"]
[SourceDate "2018.10.10"]
[SourceVersion "1"]
[SourceVersionDate "2018.10.10"]
[SourceQuality "1"]
[WhiteTeam "Maribor ZSK III"]
[BlackTeam "Ljutomer Radenska"]
[WhiteTeamCountry "SLO"]
[BlackTeamCountry "SLO"]

1. c4 Nf6 2. Nf3 e6 3. Nc3 Bb4 4. Qc2 0-0 5. a3 Bxc3 6. Qxc3 d5 7. e3 b6 8. d4 Ne4 9. Qc2 Bb7 10. b4 f6 11. Bb2 Nd7 12. c5 c6 13. Bd3 f5 14. 0-0 a5 15. Ne1 axb4 16. axb4 Rxa1 17. Bxa1 Qa8 18. Bb2 bxc5 19. bxc5 Qa2 20. f3 Nef6 21. Bc3 Ra8 22. Qxa2 Rxa2 23. Nc2 Ba6 24. Bxa6 Rxc2 25. Be1 e5 26. Bd3 Rc1 27. Bxf5 exd4 28. exd4 g6 29. Be6+ Kf8 30. Bd2 Rxf1+ 31. Kxf1 Ke7 32. Bh3 Nf8 33. Bg5 Ne6 34. Bxe6 Kxe6 35. Bxf6 Kxf6 36. Ke2 Kg5 37. g3 Kf6 38. f4 Kf5 39. Kf3 h5 40. h3 Kf6 41. g4 Ke6 42. Kg3 hxg4 43. Kxg4 Kf6 44. h4 Kf7 45. Kg5 Kg7 46. f5 gxf5 47. Kxf5 Kf7 48. Ke5 1-0

[Event "SLO-chT2 East"]
[Site "Slovenia"]
[Date "2015.11.07"]
[Round "7"]
[White "Skuhala, Luka"]
[Black "Vadlja, Branko"]
[Result "1/2-1/2"]
[WhiteElo "1994"]
[BlackElo "1942"]
[PlyCount "80"]
[EventDate "2015.09.05"]
[EventType "team-tourn"]
[EventRounds "9"]
[EventCountry "SLO"]
[SourceTitle "EXT 2019"]
[Source "ChessBase"]
[SourceDate "2018.10.10"]
[SourceVersion "1"]
[SourceVersionDate "2018.10.10"]
[SourceQuality "1"]
[WhiteTeam "Radenska Ljutomer"]
[BlackTeam "Maribor ZSK III"]
[WhiteTeamCountry "SLO"]
[BlackTeamCountry "SLO"]

1. e4 d5 2. exd5 Qxd5 3. Nc3 Qa5 4. d4 c6 5. Bc4 Nf6 6. Nf3 Bg4 7. h3 Bxf3 8. Qxf3 e6 9. 0-0 Be7 10. a3 0-0 11. Ne4 Nxe4 12. Qxe4 Nd7 13. Bd3 Nf6 14. Qh4 Qh5 15. Qxh5 Nxh5 16. Be3 Nf6 17. c4 Rfd8 18. Be2 Rd7 19. f4 Ne4 20. Kh2 Bf6 21. Rad1 Rad8 22. d5 exd5 23. Bg4 Re7 24. cxd5 Rxd5 25. Rxd5 cxd5 26. Rd1 Bxb2 27. Rxd5 Nf6 28. Rd8+ Re8 29. Rxe8+ Nxe8 30. Bxa7 Bxa3 31. Bf3 Nd6 32. Bb8 b6 33. Be2 Kf8 34. g4 b5 35. Bxd6+ Bxd6 36. Bxb5 Bxf4+ 37. Kg2 g6 38. Kf3 Bc1 39. h4 f6 40. h5 Kg7 1/2-1/2

[Event "SLO-chT2 East"]
[Site "Slovenia"]
[Date "2014.11.15"]
[Round "8"]
[White "Korze, Danilo"]
[Black "Vadlja, Branko"]
[Result "1/2-1/2"]
[WhiteElo "2047"]
[BlackElo "1958"]
[PlyCount "52"]
[EventDate "2014.09.13"]
[EventType "team-tourn"]
[EventRounds "9"]
[EventCountry "SLO"]
[SourceTitle "EXT 2019"]
[Source "ChessBase"]
[SourceDate "2018.10.10"]
[SourceVersion "1"]
[SourceVersionDate "2018.10.10"]
[SourceQuality "1"]
[WhiteTeam "Fram"]
[BlackTeam "Maribor ZSK III"]
[WhiteTeamCountry "SLO"]
[BlackTeamCountry "SLO"]

1. d4 d5 2. c4 e6 3. Nc3 Nf6 4. e3 Be7 5. Nf3 0-0 6. Bd3 Nbd7 7. 0-0 c5 8. b3 b6 9. cxd5 exd5 10. Bb2 Bb7 11. Bf5 g6 12. Bh3 Ne4 13. Nxe4 dxe4 14. Nd2 f5 15. g3 Bf6 16. Nc4 Qe7 17. a4 Rfd8 18. Qc2 Rac8 19. Rfd1 cxd4 20. Bxd4 Bxd4 21. Rxd4 Ne5 22. Rxd8+ Qxd8 23. Rd1 Qf6 24. Bf1 Ba6 25. Kg2 Bxc4 26. Bxc4+ Nxc4 1/2-1/2

[Event "SLO-chT2 East"]
[Site "Slovenia"]
[Date "2014.09.27"]
[Round "3"]
[White "Vucko, Joze"]
[Black "Vadlja, Branko"]
[Result "0-1"]
[WhiteElo "1944"]
[BlackElo "1958"]
[PlyCount "136"]
[EventDate "2014.09.13"]
[EventType "team-tourn"]
[EventRounds "9"]
[EventCountry "SLO"]
[SourceTitle "EXT 2019"]
[Source "ChessBase"]
[SourceDate "2018.10.10"]
[SourceVersion "1"]
[SourceVersionDate "2018.10.10"]
[SourceQuality "1"]
[WhiteTeam "Lendava Rokada"]
[BlackTeam "Maribor ZSK III"]
[WhiteTeamCountry "SLO"]
[BlackTeamCountry "SLO"]

1. c4 c5 2. Nc3 g6 3. g3 Bg7 4. Bg2 Nc6 5. e3 e5 6. d3 Nge7 7. Nge2 0-0 8. 0-0 d6 9. Nd5 Rb8 10. Nec3 Be6 11. Qa4 a6 12. a3 f5 13. Bd2 Bd7 14. Qb3 Kh8 15. Rad1 b5 16. cxb5 axb5 17. Ne2 Be6 18. e4 b4 19. axb4 Nxb4 20. Qc4 Nexd5 21. exd5 Bd7 22. Nc3 Nc2 23. Rb1 Rb4 24. Qa6 Qc7 25. Rfc1 Nd4 26. Be3 Rfb8 27. Qa2 Qb7 28. b3 Ra8 29. Qb2 Nxb3 30. Re1 Rb8 31. Qc2 Nd4 32. Qa2 Qa8 33. Qd2 Rxb1 34. Nxb1 Nb5 35. h4 h5 36. Bh6 Re8 37. Qg5 Kh7 38. Bxg7 Kxg7 39. Nd2 Nd4 40. Nc4 Qb8 41. Qd2 Bb5 42. Rb1 Qc7 43. Ne3 Ra8 44. Kh1 Qa5 45. Qc1 Qa3 46. Nc4 Qxc1+ 47. Rxc1 Bxc4 48. dxc4 e4 49. Rb1 Ra6 50. Bf1 Kf6 51. Kg2 Ra7 52. Re1 Ke5 53. Re3 Nf3 54. Be2 Nd2 55. Rc3 Kd4 56. Rc1 Nb3 57. Re1 Kc3 58. Bf1 Ra1 59. Re3+ Kb4 60. f3 Nd2 61. Be2 exf3+ 62. Bxf3 Nxf3 63. Kxf3 Ra3 64. Rxa3 Kxa3 65. Kf4 Kb4 66. Kg5 Kxc4 67. Kxg6 Kxd5 68. Kxh5 c4 0-1

[Event "SLO-chT2 Ost"]
[Site "Slovenia"]
[Date "2010.10.09"]
[Round "7"]
[White "Zavratnik, Maks"]
[Black "Vadlja, Branko"]
[Result "1/2-1/2"]
[WhiteElo "1844"]
[BlackElo "1995"]
[PlyCount "59"]
[EventDate "2010.05.29"]
[EventType "team-tourn"]
[EventRounds "9"]
[EventCountry "SLO"]
[SourceTitle "EXT 2022"]
[Source "ChessBase"]
[SourceDate "2021.10.06"]
[SourceVersion "1"]
[SourceVersionDate "2021.10.06"]
[SourceQuality "1"]

1. e4 d5 2. exd5 Qxd5 3. Nc3 Qa5 4. Nf3 Bg4 5. Be2 Nf6 6. h3 Bxf3 7. Bxf3 c6 8. 0-0 e6 9. d3 Be7 10. Bd2 Qc7 11. g3 0-0 12. Bg2 Nbd7 13. Ne4 Rad8 14. Bc3 Nd5 15. Bd2 N7f6 16. Qe2 Rfe8 17. a3 Rd7 18. a4 a5 19. b3 Red8 20. Rad1 b6 21. f4 Bb4 22. Nxf6+ Nxf6 23. Bxb4 axb4 24. Kh2 g6 25. Bf3 c5 26. Rde1 h5 27. Bg2 Rd4 28. Qe5 Qxe5 29. Rxe5 Nd5 30. Bxd5 1/2-1/2